Voice encryption of senao sets / (Record no. 188981)
[ view plain ]
| 000 -LEADER | |
|---|---|
| fixed length control field | 00828 a2200193 4500 |
| 003 - CONTROL NUMBER IDENTIFIER | |
| control field | NUST |
| 005 - DATE AND TIME OF LATEST TRANSACTION | |
| control field | 20251124181623.0 |
| 040 ## - CATALOGING SOURCE | |
| Transcribing agency | Nust |
| 082 ## - DEWEY DECIMAL CLASSIFICATION NUMBER | |
| Classification number | 621.382,SHA |
| 100 ## - MAIN ENTRY--PERSONAL NAME | |
| Personal name | Shaukat, NC Ubaid Ullah (TCC-19 ) |
| 9 (RLIN) | 131484 |
| 245 ## - TITLE STATEMENT | |
| Title | Voice encryption of senao sets / |
| Statement of responsibility, etc. | NC Ubaid Ullah Shaukat, NC Salman Yousaf, NC Tallha Matal and Capt Syed Shabbir |
| 260 ## - PUBLICATION, DISTRIBUTION, ETC. | |
| Place of publication, distribution, etc. | Rawalpindi |
| Name of publisher, distributor, etc. | MCS (NUST) |
| Date of publication, distribution, etc. | August 2011 |
| 300 ## - PHYSICAL DESCRIPTION | |
| Extent | ix, 46 p.; |
| 505 ## - FORMATTED CONTENTS NOTE | |
| Formatted contents note | Introduction (Page-1), Literature Review (Page-4), Proposed Technique and System Design (Page-15), Software Development (Page-25), Hardware Development (Page-30), Analysis and Evolution (Page-39), Conclusion (Page-42), Bibliography (Page-45). |
| 650 ## - SUBJECT ADDED ENTRY--TOPICAL TERM | |
| Topical term or geographic name entry element | UG Projects |
| 9 (RLIN) | 98716 |
| 651 ## - SUBJECT ADDED ENTRY--GEOGRAPHIC NAME | |
| Geographic name | TCC-19 |
| 9 (RLIN) | 106901 |
| 700 ## - ADDED ENTRY--PERSONAL NAME | |
| Personal name | Supervised by Maj Dr. Adil Masood |
| 9 (RLIN) | 132049 |
| 942 ## - ADDED ENTRY ELEMENTS (KOHA) | |
| Koha item type | Project Report |
| Source of classification or shelving scheme | |
| Withdrawn status | Lost status | Source of classification or shelving scheme | Damaged status | Not for loan | Permanent Location | Current Location | Shelving location | Date acquired | Full call number | Barcode | Date last seen | Price effective from | Koha item type | Total Checkouts | Public note |
|---|---|---|---|---|---|---|---|---|---|---|---|---|---|---|---|
| Military College of Signals (MCS) | Military College of Signals (MCS) | Reference | 12/12/2016 | 621.382,SHA | MCSPTE-197 | 12/08/2016 | 12/12/2016 | Project Report | |||||||
| Military College of Signals (MCS) | Military College of Signals (MCS) | Reference | 10/16/2025 | 621.382, SHA | MCSPTC-138 | 10/16/2025 | 10/16/2025 | Project Report | Almirah No. 94, Shelf No. 3 |
